| 000 | 00466 a2200157 4500 | ||
|---|---|---|---|
| 003 | OSt | ||
| 005 | 20231107155331.0 | ||
| 008 | 231107b |||||||| |||| 00| 0 eng d | ||
| 040 | _coclc | ||
| 082 |
_a297 _bHAM/M |
||
| 100 |
_a Abdul Hameed, Cheriyamundam _91843 |
||
| 245 |
_aMatham Navothanam Prathirodham / _cCheriyamundam Abdul Hameed |
||
| 260 |
_aKerala: _bYuvatha, _c2005. |
||
| 300 | _a368p | ||
| 942 |
_2ddc _cBK _h297 _iHAM/M _k297 _mHAM/M |
||
| 999 |
_c42870 _d42870 |
||